[Event "CHN-chT"]
[Site "Nanjing"]
[Date "2023.02.22"]
[Round "9.3"]
[White "Peng, Hongchi"]
[Black "Wu, Kaige"]
[Result "1-0"]
[WhiteElo "2412"]
[BlackElo "1299"]
[PlyCount "169"]
[EventDate "2023.02.14"]
[EventType "team-swiss"]
[EventRounds "9"]
[EventCountry "CHN"]
[SourceTitle "CBM 212 Extra"]
[Source "ChessBase"]
[SourceDate "2023.03.31"]
[SourceVersion "1"]
[SourceVersionDate "2023.03.31"]
[SourceQuality "1"]
[WhiteTeam "Beijing"]
[BlackTeam "Qingdao"]
[WhiteTeamCountry "CHN"]
[BlackTeamCountry "CHN"]

1. d4 Nf6 2. c4 e6 3. Nc3 Bb4 4. f3 d5 5. a3 Bxc3+ 6. bxc3 c5 7. cxd5 exd5 8. e3 0-0 9. Bd3 Nc6 10. Ne2 Re8 11. 0-0 Qd6 12. Ng3 Bd7 13. a4 b6 14. Re1 Rac8 15. Ba3 Qc7 16. dxc5 Na5 17. cxb6 axb6 18. Bb4 Nc4 19. Qc1 Ra8 20. Bxc4 Qxc4 21. Qc2 Ra7 22. Nf5 Bxf5 23. Qxf5 Qc6 24. g4 Nd7 25. f4 Nc5 26. Rad1 Rd7 27. Bxc5 g6 28. Qd3 Qxc5 29. Qd4 Qxd4 30. Rxd4 Rc7 31. Rd3 Rc4 32. Kf2 Rxa4 33. Rxd5 Rc4 34. Rb5 Re6 35. Rc1 Rec6 36. Rb3 b5 37. Rxb5 Rxc3 38. Rd1 Re6 39. Re1 Rc2+ 40. Kg3 Rd6 41. h4 Rdd2 42. Ra1 Rg2+ 43. Kf3 Rgf2+ 44. Ke4 Rc8 45. Re5 Rfc2 46. h5 Kg7 47. Rh1 R2c4+ 48. Kf3 R4c5 49. h6+ Kf8 50. Rxc5 Rxc5 51. Ra1 Rc8 52. Ra7 Rb8 53. Kg3 Re8 54. Kf3 Rb8 55. g5 Rc8 56. e4 Re8 57. Rb7 Ra8 58. Kg4 Re8 59. Kf3 Ra8 60. Ke3 Rd8 61. Ra7 Kg8 62. Ra4 Kf8 63. Rd4 Ra8 64. Rd7 Ke8 65. Rb7 Rd8 66. e5 Kf8 67. e6 fxe6 68. Rxh7 Kg8 69. Rg7+ Kh8 70. Rxg6 Re8 71. Ke4 Kh7 72. Rg7+ Kh8 73. Ra7 Rg8 74. Re7 Rg6 75. Ke5 Rg8 76. Kxe6 Rg6+ 77. Kf5 Ra6 78. g6 Ra5+ 79. Kg4 Ra8 80. Kg5 Ra5+ 81. f5 Ra8 82. h7 Rd8 83. Kh6 Rg8 84. Re8 Rxe8 85. g7# 1-0

[Event "CHN-chT"]
[Site "Nanjing"]
[Date "2023.02.19"]
[Round "6.3"]
[White "Li, Jiahong"]
[Black "Wu, Kaige"]
[Result "1-0"]
[WhiteElo "1819"]
[BlackElo "1299"]
[PlyCount "120"]
[EventDate "2023.02.14"]
[EventType "team-swiss"]
[EventRounds "9"]
[EventCountry "CHN"]
[SourceTitle "CBM 212 Extra"]
[Source "ChessBase"]
[SourceDate "2023.03.31"]
[SourceVersion "1"]
[SourceVersionDate "2023.03.31"]
[SourceQuality "1"]
[WhiteTeam "Wuxi"]
[BlackTeam "Qingdao"]
[WhiteTeamCountry "CHN"]
[BlackTeamCountry "CHN"]

1. Nf3 d5 2. g3 Nf6 3. Bg2 e6 4. 0-0 Be7 5. d4 0-0 6. b3 b6 7. c4 Bb7 8. Ne5 Nbd7 9. Nc3 Qc8 10. Bb2 c5 11. cxd5 cxd4 12. Qxd4 Bc5 13. Qf4 Bd6 14. Nb5 Bxe5 15. Bxe5 Nxe5 16. Qxe5 Bxd5 17. e4 Bc6 18. Rac1 Qb7 19. Nd6 Qd7 20. Rfd1 Rfd8 21. Bf3 Qc7 22. Qf4 e5 23. Qxe5 Ne8 24. Qc3 Nxd6 25. Qxc6 Qxc6 26. Rxc6 Ne8 27. Rdc1 Kf8 28. e5 Rab8 29. Kf1 Rd2 30. R1c2 Rxc2 31. Rxc2 Ke7 32. Be4 h6 33. f4 Rd8 34. Ke2 Ke6 35. Bd3 Ke7 36. Bb5 Ke6 37. Bxe8 Rxe8 38. Rc7 f6 39. Rxg7 fxe5 40. Rxa7 exf4 41. gxf4 Kf5+ 42. Kf3 Rc8 43. Rf7+ Ke6 44. Rh7 Kf5 45. Rxh6 Rc3+ 46. Ke2 Rc2+ 47. Kd3 Rxa2 48. Rh4 Rb2 49. Kc4 Rb1 50. b4 Rb2 51. Kb5 Rb1 52. Rh6 Rb2 53. h4 Kg4 54. Rxb6 Kxh4 55. Rf6 Kg4 56. Kc5 Rc2+ 57. Kb6 Rb2 58. b5 Rb1 59. Kc6 Rc1+ 60. Kb7 Rb1 1-0

[Event "CHN-chT"]
[Site "Nanjing"]
[Date "2023.02.14"]
[Round "1.2"]
[White "Xu, Zhihang"]
[Black "Wu, Kaige"]
[Result "1-0"]
[WhiteElo "2497"]
[BlackElo "1299"]
[PlyCount "119"]
[EventDate "2023.02.14"]
[EventType "team-swiss"]
[EventRounds "9"]
[EventCountry "CHN"]
[SourceTitle "CBM 212 Extra"]
[Source "ChessBase"]
[SourceDate "2023.03.31"]
[SourceVersion "1"]
[SourceVersionDate "2023.03.31"]
[SourceQuality "1"]
[WhiteTeam "Hangzhou"]
[BlackTeam "Qingdao"]
[WhiteTeamCountry "CHN"]
[BlackTeamCountry "CHN"]

1. d4 Nf6 2. c4 e6 3. Nf3 d5 4. Nc3 Bb4 5. Bg5 0-0 6. e3 Nbd7 7. Rc1 h6 8. Bh4 Qe7 9. a3 Bxc3+ 10. Rxc3 c6 11. cxd5 exd5 12. Bd3 Re8 13. 0-0 g5 14. Bg3 Ne4 15. Bxe4 Qxe4 16. h4 Qg6 17. b4 f6 18. b5 cxb5 19. hxg5 hxg5 20. Qb3 Nb6 21. Qxb5 Bd7 22. Qb3 Bc6 23. Nd2 Kg7 24. f3 Re7 25. Bd6 Rd7 26. Bg3 Re7 27. a4 Bxa4 28. Qb4 Qe8 29. e4 Bc6 30. e5 f5 31. f4 g4 32. Bh4 Re6 33. Rg3 Rg6 34. Bf6+ Kf7 35. Nf3 Nd7 36. Ng5+ Kg8 37. Be7 a5 38. Qa3 Nf8 39. Bxf8 Qxf8 40. Qd3 Rh6 41. e6 Re8 42. Re1 Re7 43. Re5 Rf6 44. Qa3 a4 45. Rge3 Kg7 46. Kf2 Kg6 47. Kg3 Kg7 48. Re1 Kg8 49. Rh1 Qe8 50. Rh4 Qf8 51. Qc1 Qg7 52. Qc5 Qf8 53. Re1 Qg7 54. Reh1 Rexe6 55. Rh8+ Qxh8 56. Rxh8+ Kxh8 57. Nxe6 Rxe6 58. Qf8+ Kh7 59. Qf7+ Kh8 60. Qxe6 1-0

[Event "CHN-chT Div-B"]
[Site "Hainan"]
[Date "2023.02.07"]
[Round "3"]
[White "Yu, Ruiyuan1111"]
[Black "Wu, Kaige"]
[Result "1-0"]
[WhiteElo "2497"]
[BlackElo "1299"]
[PlyCount "129"]
[EventDate "2023.02.06"]
[EventType "team-tourn"]
[EventRounds "9"]
[EventCountry "CHN"]
[SourceTitle "CBM 213 Extra"]
[Source "ChessBase"]
[SourceDate "2023.05.31"]
[SourceVersion "1"]
[SourceVersionDate "2023.05.31"]
[SourceQuality "1"]
[WhiteTeam "Hangzhou Chess Assoc"]
[BlackTeam "Qingdao Chess Association"]
[WhiteTeamCountry "CHN"]
[BlackTeamCountry "CHN"]

1. e4 c5 2. Nf3 d6 3. d4 cxd4 4. Nxd4 Nf6 5. Nc3 a6 6. f4 Qc7 7. a4 e6 8. Be2 Be7 9. 0-0 0-0 10. Kh1 Nc6 11. Be3 Bd7 12. Nb3 Rac8 13. g4 d5 14. exd5 Nxd5 15. Nxd5 exd5 16. c3 Rfe8 17. Qd2 Bd6 18. Bf3 Re7 19. Bxd5 Bxg4 20. f5 Rce8 21. Rae1 Bxh2 22. f6 gxf6 23. Rxf6 Qg3 24. Ref1 Rxe3 25. Bxf7+ Kh8 26. Bxe8 Bf3+ 27. R6xf3 Rxf3 28. Qg2 Rxf1+ 29. Qxf1 Qd6 30. Bxc6 bxc6 31. Qxa6 Be5 32. Qc8+ Kg7 33. Qg4+ Kh8 34. Nd4 Qh6+ 35. Kg2 Qd2+ 36. Kf3 Qd3+ 37. Kf2 Qd2+ 38. Ne2 Qxb2 39. Qc8+ Kg7 40. Qd7+ Kf6 41. Qxc6+ Kg5 42. a5 Qb8 43. a6 Qa7+ 44. Kf3 Qf7+ 45. Ke3 Qa7+ 46. Kd3 h5 47. Nd4 Qh7+ 48. Qe4 Qxe4+ 49. Kxe4 Bb8 50. Nc6 Kg4 51. Nxb8 h4 52. a7 h3 53. a8Q Kg3 54. Ke3 Kh2 55. Qa2+ Kg3 56. Qf2+ Kg4 57. Qf4+ Kh5 58. Qf5+ Kh6 59. Qxh3+ Kg5 60. Ke4 Kf6 61. Qh6+ Ke7 62. Ke5 Kd8 63. Qg7 Kc8 64. Qa7 Kd8 65. Qd7# 1-0

[Event "CHN-chT Div-B"]
[Site "Hainan"]
[Date "2023.02.06"]
[Round "1"]
[White "Zhang, Qiwang"]
[Black "Wu, Kaige"]
[Result "0-1"]
[WhiteElo "1257"]
[BlackElo "1299"]
[PlyCount "70"]
[EventDate "2023.02.06"]
[EventType "team-tourn"]
[EventRounds "9"]
[EventCountry "CHN"]
[SourceTitle "CBM 213 Extra"]
[Source "ChessBase"]
[SourceDate "2023.05.31"]
[SourceVersion "1"]
[SourceVersionDate "2023.05.31"]
[SourceQuality "1"]
[WhiteTeam "Shanghai Haiwan"]
[BlackTeam "Qingdao Chess Association"]
[WhiteTeamCountry "CHN"]
[BlackTeamCountry "CHN"]

1. e4 c5 2. Nf3 d6 3. d4 cxd4 4. Nxd4 Nf6 5. Nc3 a6 6. h3 e5 7. Nde2 Be6 8. Bg5 Nbd7 9. g3 Be7 10. Bg2 h6 11. Be3 0-0 12. 0-0 Rc8 13. a4 Qc7 14. f4 Bc4 15. a5 Rfd8 16. Ra3 d5 17. Ra4 d4 18. fxe5 dxc3 19. exf6 Nxf6 20. Qe1 Bc5 21. Nxc3 Bxf1 22. Kxf1 Bxe3 23. Qxe3 Qe5 24. Ke2 Nh5 25. Kf2 Rd6 26. g4 Nf4 27. Bf1 Rcd8 28. Rc4 Rd2+ 29. Kf3 Ng6 30. Be2 Nh4+ 31. Kf2 Qh2+ 32. Kf1 Qg2+ 33. Ke1 Rxe2+ 34. Nxe2 Nf3+ 35. Qxf3 Qxf3 0-1

[Event "CHN-chB"]
[Site "Qiziwan"]
[Date "2023.02.03"]
[Round "9"]
[White "Meng, Yihan"]
[Black "Wu, Kaige"]
[Result "0-1"]
[WhiteElo "1867"]
[BlackElo "1299"]
[PlyCount "106"]
[EventDate "2023.01.30"]
[EventType "swiss"]
[EventRounds "11"]
[EventCountry "CHN"]
[SourceTitle "CBM 212 Extra"]
[Source "ChessBase"]
[SourceDate "2023.03.31"]
[SourceVersion "1"]
[SourceVersionDate "2023.03.31"]
[SourceQuality "1"]

1. e4 Nf6 2. e5 Nd5 3. c4 Nb6 4. d4 d6 5. exd6 exd6 6. Nc3 Be7 7. Be2 0-0 8. b3 Nc6 9. Bf3 Re8 10. Nge2 Bf5 11. 0-0 Bf6 12. Be3 Bg5 13. Bxg5 Qxg5 14. Qc1 Qxc1 15. Raxc1 a6 16. Rfd1 Rad8 17. h4 Bc8 18. Nd5 Na8 19. Nec3 Ne7 20. Ne3 c6 21. b4 Nc7 22. d5 cxd5 23. Ncxd5 Nexd5 24. Nxd5 Nxd5 25. Bxd5 Kf8 26. Rd2 Re7 27. Bf3 Be6 28. c5 Red7 29. c6 Rc7 30. Rdc2 bxc6 31. Rxc6 Rxc6 32. Rxc6 Bxa2 33. Rxa6 Bc4 34. Ra8 Ke7 35. Bc6 Rxa8 36. Bxa8 Ke6 37. f4 Bd5 38. f5+ Ke5 39. Bxd5 Kxd5 40. Kf2 Kc4 41. Ke3 d5 42. g4 d4+ 43. Ke2 Kxb4 44. g5 f6 45. Kf3 Kc3 46. Ke4 d3 47. gxf6 gxf6 48. Kd5 d2 49. Ke6 d1Q 50. Kxf6 Qd7 51. h5 Kd4 52. Kg5 Ke5 53. Kh6 Qxf5 0-1